Küreselleşme büyük hayal kırıklığı (Record no. 10342)

MARC details
000 -BAŞLIK
Sabit Uzunlukta Kontrol Alanı 00886na a2200277 4500
001 - KONTROL NUMARASI
Denetim Alanı 23796
003 - KONTROL NUMARASI IDENTIFIER
Denetim Alanı MIRAKIL
005 - SON İŞLEM TARİHİ VE ZAMANI
Denetim Alanı 20181213155317.0
008 - SABİT-BOY VERİ ELEMANLARI - GENEL BİLGİLER
Sabit Uzunlukta Kontrol Alanı 180102b tu 000 0
020 ## - ULUSLARARASI STANDART KİTAP NUMARASI
Uluslararası Standart Kitap Numarası 9758723006
040 ## - KATALOGLAMA KAYNAK
Orijinal Kataloglama Ajansı Milas
Kataloglama Dili tur
Metne Dönüştürmek Ajansı TR-AnCHP
041 ## - DİL KODU
Metin / Ses Parça Veya Ayrı Başlığın Dil Kodu tur
082 ## - DEWEY ONLU SINIFLANDIRMA NUMARASI
Sınıflandırma Numarası 338.91
Ürün Numarası S75k 2002
090 ## - SINIFLAMA NUMARASI
Sınıflama Numarası 338.91 S75k 2002
100 ## - ANA GİRİŞ - KİŞİSEL İSİM
Kişisel Ad Stiglitz, Joseph E.
245 ## - BAŞLIK TABLOSU
Başlık Küreselleşme büyük hayal kırıklığı
Sorumluluk Tablosu, Vb Joseph E. Stiglitz; Çeviren Arzu Taşçıoğlu, Deniz Vural
260 ## - YAYIN, DAĞITIM, VB
Yayın, Dağıtım, Vb Yeri İstanbul
Yayıncı, Dağıtıcı, Vs Adı Plan B Yayıncılık
Yayın, Dağıtım, Vb Tarihi 2002
Üretici Firma Mart Matbaacılık
300 ## - FİZİKSEL TANIM
Kapsam 315 s.
Boyutlar 22 sm.
500 ## - GENEL NOT
Genel Not Özgün yapıt adı: Globalization and its discaontents
504 ## - KAYNAKÇA VB NOT
Kaynakça Vb Notu Dizin var.
650 ## - KONU KATMA GİRİŞ - TOPİKAL DÖNEM
Topikal Süreli Veya Coğrafi Ad Giriş Elemanı Küreselleşme
Genel Alt Bölümü siyasal açı
650 ## - KONU KATMA GİRİŞ - TOPİKAL DÖNEM
Topikal Süreli Veya Coğrafi Ad Giriş Elemanı Küreselleşme
Genel Alt Bölümü Ekonomik açı
700 ## - KATMA GİRİŞ - KİŞİSEL İSİM
Kişisel Ad Vural, Deniz
Relator Terim çev.
700 ## - KATMA GİRİŞ - KİŞİSEL İSİM
Kişisel Ad Taşçıoğlu, Arzu
Relator Terim çev.
942 ## - EKLENDİ GİRİŞ ELEMANLARI (KOHA)
Sınıflandırma Veya Raf Düzeni Kaynak Dewey Decimal Classification
Koha Öğesi Türü Books
999 ## - SİSTEM KONTROL NUMARALARI (KOHA)
Koha Biblionumber 10342
Koha Biblioitemnumber 10342
Holdings
Kalıcı Konum Mevcut Konum Edinme Tarihi Edinim Kaynak Toplam Check-Out'Lar Tam Çağrı Numarası Barkod Tarih Son Görülme İtibaren Geçerli Fiyatlar Koha Öğesi Türü
CHP Kütüphanesi CHP Kütüphanesi 12/26/2017 Bağış   338.91 S75k 2002 017773 12/26/2017 12/26/2017 Books